| 000 | 00803nam a2200241Ia 4500 | ||
|---|---|---|---|
| 003 | GCL | ||
| 008 | 140319s9999 xx 000 0 ara d | ||
| 020 | _a0141099906 | ||
| 040 |
_aGCL / _cGCL |
||
| 082 | 0 | 4 |
_aد _b050 _bش أ |
| 100 | 1 | _aيمنى طريف الخولى | |
| 245 | 1 | 0 |
_aانثوية العلم : _bالعلم من منظور الفلسفة النسوية / _cيمنى طريف الخولى |
| 700 | 1 | _aشيفرد ، ليندا جين | |
| 250 | _aالاولى | ||
| 260 |
_aالكويت : _bالمجلس الوطنى للثقافة والفنون والاداب ، _c2004 |
||
| 300 |
_a398ص ؛ _c19سم |
||
| 490 |
_aعالم المعرفة _v306 |
||
| 650 | 0 | 4 | _aالعلوم |
| 650 | 0 | 4 | _aالشعور |
| 650 | 0 | 4 | _aالذات |
| 650 | 0 | 4 | _aالتعددية |
| 942 |
_2ddc _cBK |
||
| 999 |
_c7767 _d7767 |
||